000 00491naa a2200157 a 4500
001 1017
003 CDMR
005 20130328100500.0
008 130130s ||||||||||||r|||||||||||||||d
040 _aCDMR
_bcat
_cCDMR
100 1 _aÁlvarez, Basilio
_9801
245 1 3 _aEl periodisme es el factor decisive de la vida dels temps modern
_b: text taquigràfic del discurs--
650 0 4 _aPeriodisme
_9382
773 0 _tAssociació de Periodistes de Barcelona
_g1933, p.176-193
_w315
942 _cCAP
_2udc
999 _c1017
_d1017